Oligarquía capitalista, régimen de acumulación y crisis política en Bolivia /
Na minha lista:
| Autor principal: | |
|---|---|
| Formato: | Texto |
| Tags: |
Adicionar Tag
Sem tags, seja o primeiro a adicionar uma tag!
|
MARC
| LEADER | 00000 a a2200000 04500 | ||
|---|---|---|---|
| 001 | 10177 | ||
| 003 | |||
| 040 | |||
| 100 | |a Orellana Aillón, Lorgio | ||
| 245 | |a Oligarquía capitalista, régimen de acumulación y crisis política en Bolivia / |c Lorgio Orellana Aillón | ||
| 773 | |g número 25; páginas 261-272 | ||
| 999 | |c 38629 |d 38629 | ||
